| 000 | 00373nam a2200145Ia 4500 | ||
|---|---|---|---|
| 008 | 150201s2009 xx 000 0 und d | ||
| 082 |
_a615.8 _bA2009B |
||
| 100 | _aBOBATH,BERTA | ||
| 245 | _aADULT HEMIPLEGIA : EVOLUTION & TREATMENT | ||
| 250 | _a3RD | ||
| 260 |
_bCHURCHILL LIVINGSTONE _aEDINBURGH _c2009 |
||
| 300 | _a1-190 | ||
| 650 | _aPHYSIOTHERAPY | ||
| 942 |
_2ddc _cBK |
||
| 999 |
_c4304 _d4304 |
||